| 000 | 00668nam a2200217 u 4500 | ||
|---|---|---|---|
| 005 | 20240228064311.0 | ||
| 008 | 170913s1995 r 000 0 eng d | ||
| 020 | _a8476470312 | ||
| 035 | _aUPN01000220477 | ||
| 049 | _aI | ||
| 050 | 4 |
_aPZ78 _bR6.47 |
|
| 100 | 1 |
_aRodríguez Almodóvar, Antonio, _d1941- _930636 |
|
| 245 | 1 | 0 |
_aJuanillo el oso / _cA. R. Almodóvar ; il. Tino Gatagán. |
| 260 |
_aSevilla, Esp. : _bAlgaida, _c1995. |
||
| 300 |
_a16 p. : _bil. col. |
||
| 440 | 0 | _aCuentos de la media lunita | |
| 650 | 4 |
_aLibros y lectura para niños _92290 |
|
| 650 | 4 |
_aLiteratura infantil española _95892 |
|
| 905 | _aInfantil | ||
| 999 |
_c192576 _d192576 |
||